Onninte Lokathaku (Record no. 96252)

MARC details
000 -LEADER
fixed length control field 00380nam a2200133Ia 4500
008 - FIXED-LENGTH DATA ELEMENTS--GENERAL INFORMATION
fixed length control field 211118s9999||||xx |||||||||||||| ||und||
082 ## - DEWEY DECIMAL CLASSIFICATION NUMBER
Classification number 894.8124
Item number SIV-O
100 ## - MAIN ENTRY--PERSONAL NAME
Personal name Sivapuram, Ahammed Kutty
245 #0 - TITLE STATEMENT
Title Onninte Lokathaku
260 ## - PUBLICATION, DISTRIBUTION, ETC.
Name of publisher, distributor, etc. Olive Publications
Place of publication, distribution, etc. Calicut
Date of publication, distribution, etc. 1999
630 ## - SUBJECT ADDED ENTRY--UNIFORM TITLE
General subdivision General Stack
650 ## - SUBJECT ADDED ENTRY--TOPICAL TERM
Topical term or geographic name entry element Malayalam Literature
942 ## - ADDED ENTRY ELEMENTS (KOHA)
Koha item type BOOK
650 ## - SUBJECT ADDED ENTRY--TOPICAL TERM
Form subdivision Malayalam EssaysMalayalam
Holdings
Withdrawn status Lost status Source of classification or shelving scheme Damaged status Not for loan Home library Current library Date acquired Cost, normal purchase price Total Checkouts Full call number Barcode Shelving location Date last seen Price effective from Koha item type
    Dewey Decimal Classification     SB LIBRARY SB LIBRARY 18/11/2021 70.00   297.1243 SIV-O 00101471 GENERAL STACK 07/03/2025 18/11/2021 BOOK

Powered by Koha